Historia de la medicina : (Registro nro. 30912)

Detalles MARC
000 -LEADER
fixed length control field 01789nam a22002537a 4500
003 - CONTROL NUMBER IDENTIFIER
control field CO-CtgCURN
005 - DATE AND TIME OF LATEST TRANSACTION
control field 20250422165905.0
008 - FIXED-LENGTH DATA ELEMENTS--GENERAL INFORMATION
fixed length control field 250422b |||||||| |||| 00| 0 eng d
020 ## - INTERNATIONAL STANDARD BOOK NUMBER
International Standard Book Number 9789589076248
040 ## - CATALOGING SOURCE
Original cataloging agency CO-CtgCURN
Language of cataloging spa
Transcribing agency coctgcurn
082 ## - DEWEY DECIMAL CLASSIFICATION NUMBER
Classification number 610.9
Item number R5741h
100 ## - MAIN ENTRY--PERSONAL NAME
Personal name Rojas M, William
245 ## - TITLE STATEMENT
Title Historia de la medicina :
Remainder of title Introducción a su estudio
Statement of responsibility, etc. William Rojas M.
250 ## - EDITION STATEMENT
Edition statement Primera edición
260 ## - PUBLICATION, DISTRIBUTION, ETC.
Place of publication, distribution, etc. Medellín :
Name of publisher, distributor, etc. 2008
Date of publication, distribution, etc. CIB (Corporación para Investigaciones Biológicas)
300 ## - PHYSICAL DESCRIPTION
Extent 142 páginas,
Other physical details Fotografías e ilustraciones a blanco y negro ;
Dimensions 21x14 cm.
500 ## - GENERAL NOTE
General note Incluye: Lecturas recomendadas e índice de personajes y materias al final del libro
505 ## - FORMATTED CONTENTS NOTE
Formatted contents note Conceptos básicos.-- Evolución del pensamiento científico médico.-- La medicina en las diferentes culturas y épocas.-- Personajes que gestaron el desarrollo de la medicina.-- Médicos latinoamericanos más famosos.-- Aspectos académicos.-- Los hitos históricos más importantes de cada especialidad.-- Historia de la enfermedad.-- Inventos más importantes.-- Los libros importantes en Medicina.
520 ## - SUMMARY, ETC.
Summary, etc. Este libro pretende dar en pocas páginas la información básica que les permite a quienes se inician en la bella y útil profesión de la Medicina, formarse una idea del origen y de la evolución de la ciencia y del arte de curar. Contiene ocho unidades que presentan los aspectos más relevantes del desarrollo de la Medicina de forma integral y breve.<br/>Fuente: CIB. Disponible en: http://www.fondoeditorialcib.com/producto/historia-de-la-medicina-3a-ed-2017/
650 ## - SUBJECT ADDED ENTRY--TOPICAL TERM
Topical term or geographic name entry element Medicina
General subdivision Historia
650 ## - SUBJECT ADDED ENTRY--TOPICAL TERM
Topical term or geographic name entry element Medicina
General subdivision Pensamiento científico
650 ## - SUBJECT ADDED ENTRY--TOPICAL TERM
Topical term or geographic name entry element Medicina
General subdivision Evolución
942 ## - ADDED ENTRY ELEMENTS (KOHA)
Source of classification or shelving scheme Dewey Decimal Classification
Koha item type Libros
Classification part 610.9
Item part R5741h
Suppress in OPAC No
Existencias
Withdrawn status Lost status Source of classification or shelving scheme Damaged status Not for loan Collection Home library Current library Shelving location Date acquired Inventory number Total checkouts Full call number Barcode Date last seen Price effective from Koha item type Public note
    Dewey Decimal Classification     General Miguel Henríquez Emiliani Miguel Henríquez Emiliani General 04/22/2025 013570   610.9 R741h 013570 04/22/2025 04/22/2025 Libros 610-CIENME